[Event "TCh-NED Meesterklasse 2011-12"]
[Site "Netherlands NED"]
[Date "2012.02.11"]
[Round "6.5"]
[White "Broekmeulen,Ja"]
[Black "Dambacher,M"]
[Result "1-0"]
[WhiteTitle "FM"]
[BlackTitle "IM"]
[WhiteElo "2388"]
[BlackElo "2496"]
[WhiteTeam "HMC Calder"]
[BlackTeam "Utrecht"]
[WhiteFideId "1013440"]
[BlackFideId "1005030"]
[EventDate "2011.09.17"]

1. e4 c5 2. Nf3 e6 3. d3 d5 4. Nbd2 Nf6 5. g3 Nc6 6. Bg2 Be7 7. O-O O-O 8. Re1
b5 9. e5 Nd7 10. Nf1 b4 11. h4 a5 12. N1h2 a4 13. h5 a3 14. bxa3 bxa3 15. h6 g6
16. c4 Nb6 17. Ng4 Nb4 18. Rb1 Nxa2 19. Qb3 Nxc1 20. Rexc1 a2 21. Ra1 Ra4 22.
Ne3 Ba6 23. Nd2 dxc4 24. Ndxc4 Bxc4 25. dxc4 Bg5 26. Rd1 Qc7 27. f4 Qa7 28. fxg5
Ra3 29. Qb2 f5 30. exf6 Rxe3 31. f7+ Qxf7 32. Rf1 Qe7 33. Rxf8+ Qxf8 34. Rf1 Qe7
35. Qxb6 Rd3 36. Bd5 Rxg3+ 37. Kh2 1-0

[Event "TCh-NED Meesterklasse 2011-12"]
[Site "Netherlands NED"]
[Date "2012.02.11"]
[Round "6.6"]
[White "Stark,L"]
[Black "Bosch,Je"]
[Result "1/2-1/2"]
[WhiteTitle "IM"]
[BlackTitle "IM"]
[WhiteElo "2426"]
[BlackElo "2406"]
[WhiteTeam "Utrecht"]
[BlackTeam "HMC Calder"]
[WhiteFideId "4676386"]
[BlackFideId "1001280"]
[EventDate "2011.09.17"]

1. c4 e6 2. g3 d5 3. Bg2 c5 4. cxd5 exd5 5. d4 Nc6 6. Nf3 Nf6 7. O-O Be7 8. dxc5
Bxc5 9. a3 O-O 10. b4 Bb6 11. Nc3 Re8 12. Bb2 Bg4 13. Na4 Qe7 14. Nxb6 axb6 15.
Re1 Rad8 16. Rc1 h6 17. Bd4 Nxd4 18. Qxd4 Qd6 19. e3 Bf5 20. Qf4 Qxf4 21. gxf4
Rc8 22. Nd4 Bd7 23. Kf1 Kf8 24. Ke2 Ke7 25. h4 Kd6 26. f3 Nh5 27. Kf2 g6 28. Bf1
Rxc1 29. Rxc1 Ng7 30. Bd3 Ra8 31. Rc3 Nh5 32. Ne2 Rc8 33. Rxc8 Bxc8 34. Nd4 Bd7
35. Ke2 Be8 36. Kd2 Bd7 37. Bc2 Be8 38. Ke1 Bd7 39. Kd2 Be8 40. Bd3 Bd7 41. Ne2
Be8 42. Ke1 Bd7 43. Kf2 Bc8 44. Ng3 Ng7 45. e4 dxe4 46. fxe4 f6 47. Ke3 Bg4 48.
e5+ fxe5 49. Bxg6 exf4+ 50. Kxf4 Bc8 51. Bf5 Be6 52. Ke4 b5 53. Bxe6 Kxe6 54.
Ne2 Nf5 55. Nf4+ Kf6 56. Nd5+ Ke6 57. Nc7+ Kf6 58. Nxb5 Nxh4 59. Nd6 b6 60. a4
Ke6 61. Nc8 Nf5 62. Nxb6 Nd6+ 63. Kf4 h5 64. Kg5 Ne4+ 65. Kxh5 Kd6 66. Kg6 Kc6
67. Nc4 Nc3 68. a5 Nd5 69. Ne5+ Kb5 70. Nd3 Nxb4 71. Nxb4 Kxa5 1/2-1/2

[Event "TCh-NED Meesterklasse 2011-12"]
[Site "Netherlands NED"]
[Date "2012.02.11"]
[Round "6.8"]
[White "Jens,J"]
[Black "Van Kerkhof,D"]
[Result "1/2-1/2"]
[WhiteTitle "IM"]
[WhiteElo "2382"]
[BlackElo "2279"]
[WhiteTeam "Utrecht"]
[BlackTeam "HMC Calder"]
[WhiteFideId "1007394"]
[BlackFideId "1012827"]
[EventDate "2011.09.17"]

1. e4 c5 2. Nf3 Nc6 3. Bb5 g6 4. Bxc6 dxc6 5. d3 Bg7 6. h3 b6 7. Nc3 Nh6 8. O-O
O-O 9. a4 a5 10. Nd2 e5 11. Nc4 f6 12. f4 exf4 13. Bxf4 Be6 14. Qe2 Nf7 15. Rad1
Re8 16. Ne3 Ra7 17. Kh1 Rd7 18. Qf2 Ne5 19. b3 Rf8 20. Nb1 Nxd3 21. cxd3 Bxb3
22. Qe2 Bxd1 23. Rxd1 Rd4 24. Nc2 Rxa4 25. Nc3 Rb4 26. Nxb4 cxb4 27. Na4 Re8 28.
d4 Kh8 29. Qc2 b5 30. Nc5 a4 31. Na6 Qe7 32. Qxc6 Qxe4 33. Nxb4 Re6 34. Qc1 Bf8
35. d5 Re8 36. Nc6 Rc8 37. Qe3 Qc2 38. Rc1 Qf5 39. Qe6 Qxf4 40. Rd1 Qc7 41. Na7
Rd8 42. Nxb5 Qe5 43. Qxe5 fxe5 44. d6 Kg7 45. Kg1 Kf7 46. Ra1 Rb8 47. Nc3 Bxd6
48. Rxa4 Bc5+ 49. Kf1 Rb2 50. Ne4 Bb6 1/2-1/2

[Event "TCh-NED Meesterklasse 2011-12"]
[Site "Netherlands NED"]
[Date "2012.02.11"]
[Round "6.9"]
[White "Span,P"]
[Black "Michielsen,J"]
[Result "1/2-1/2"]
[WhiteTitle "FM"]
[BlackTitle "IM"]
[WhiteElo "2305"]
[BlackElo "2317"]
[WhiteTeam "HMC Calder"]
[BlackTeam "Utrecht"]
[WhiteFideId "1005375"]
[BlackFideId "1008790"]
[EventDate "2011.09.17"]

1. d4 d5 2. c4 c6 3. Nf3 Nf6 4. e3 Bg4 5. Qb3 Qb6 6. Ne5 Be6 7. Nc3 Nbd7 8. Nxd7
Bxd7 9. Na4 Qc7 10. Nc5 Rb8 11. cxd5 Nxd5 12. e4 Nf6 13. g3 e6 14. Bf4 Bd6 15.
e5 Bxc5 16. exf6 Bd6 17. fxg7 Rg8 18. Bxd6 Qxd6 19. Bg2 Rxg7 20. O-O Kf8 21. Qc3
Rd8 22. Qc5 Qxc5 23. dxc5 Rg5 24. b4 Re5 25. Rfd1 Ke7 26. Kf1 f6 27. Rd4 Be8 28.
Rxd8 Kxd8 29. Re1 Rxe1+ 30. Kxe1 Bg6 31. f4 Bb1 32. a3 Ba2 33. Be4 f5 34. Bd3
Ke7 35. Kd2 Kf6 36. Ke3 e5 37. fxe5+ Kxe5 38. Bc2 h6 39. Bd3 Bb3 40. Bb1 Bd1 41.
Ba2 Bh5 42. Bb3 1/2-1/2

[Event "TCh-NED Meesterklasse 2011-12"]
[Site "Netherlands NED"]
[Date "2012.02.11"]
[Round "6.10"]
[White "Houben,Jaap"]
[Black "Ondersteijn,N"]
[Result "0-1"]
[BlackTitle "FM"]
[WhiteElo "2322"]
[BlackElo "2296"]
[WhiteTeam "Utrecht"]
[BlackTeam "HMC Calder"]
[WhiteFideId "1028103"]
[BlackFideId "1011162"]
[EventDate "2011.09.17"]

1. e4 c5 2. Nc3 g6 3. f4 Bg7 4. Nf3 Nc6 5. Bb5 Nd4 6. O-O a6 7. Bc4 b5 8. Bd5
Rb8 9. d3 e6 10. Bb3 a5 11. a4 b4 12. Nb5 Nxb5 13. axb5 Ne7 14. f5 d5 15. Qe1
O-O 16. Qh4 exf5 17. Bg5 f6 18. exd5 Nxd5 19. Qc4 Be6 20. Rae1 Bf7 21. Ne5 a4
22. Nxf7 Rxf7 23. Bf4 axb3 24. Bxb8 Nb6 25. Qf4 bxc2 26. Qd6 Qxd6 27. Bxd6 Bh6
28. Bxc5 Nd5 29. Bd4 Rb7 30. b6 b3 31. Re8+ Kf7 32. Rd8 Nxb6 33. Bxb6 Rxb6 34.
Rd7+ Ke6 35. Rc7 Kd6 36. Rc3 Rc6 37. Rxc6+ Kxc6 38. Kf2 c1=Q 0-1

[Event "Frauenbundesliga 2011-12"]
[Site "Germany GER"]
[Date "2011.12.18"]
[Round "5.1"]
[White "Kalinina,O"]
[Black "Michna,Mart"]
[Result "1/2-1/2"]
[WhiteTitle "WIM"]
[BlackTitle "WGM"]
[WhiteElo "2288"]
[BlackElo "2396"]
[WhiteTeam "SV Muelheim-Nord 1931"]
[BlackTeam "Hamburger SK 1830"]
[WhiteFideId "14117258"]
[BlackFideId "1106686"]
[EventDate "2011.10.29"]
[EventType "team"]

1. e4 e6 2. d4 b6 3. Nf3 Bb7 4. Bd3 d6 5. O-O Nd7 6. c4 g6 7. Nc3 Bg7 8. Be3 Ne7
9. Qd2 h6 10. Rac1 g5 11. d5 Ng6 12. Nd4 Nf4 13. Bc2 O-O 14. Bxf4 gxf4 15. dxe6
Bxd4 16. exf7+ Rxf7 17. Qxd4 Ne5 18. Kh1 Rg7 19. Bd1 Qg5 20. Rg1 Kh8 21. Bf3 c5
22. Qd1 Nxc4 23. Ne2 Ne5 24. Qxd6 Rd8 25. Qe6 Bc8 26. Qb3 c4 27. Qa3 b5 28. Qa5
Nd3 29. Rcf1 b4 30. e5 Rf8 31. Qb5 Nxe5 32. Qxb4 Rd8 33. Be4 Ng4 34. h3 Qh4 35.
Nxf4 Nxf2+ 36. Rxf2 Qxf2 37. Ng6+ Rxg6 38. Bxg6 Qf6 39. Be4 Be6 40. Qb7 Rd7 41.
Qb8+ Kg7 42. Rc1 Qf2 43. Kh2 Qd4 44. Qg3+ Kh8 45. Qg6 Qd6+ 46. Kh1 Bg8 47. Qxd6
Rxd6 48. Rc2 Kg7 49. Kg1 Kf6 50. Kf2 Ke5 51. Ke3 Ra6 52. a3 Rb6 53. Bf3 Rb3+ 54.
Kf2 Kd4 55. Rd2+ Kc5 56. Kg3 Be6 57. Kf4 a5 58. Bd1 Rb6 59. Ke5 Bg8 60. Bg4 Rb8
61. Kf6 Bd5 62. Kg6 Rb6+ 63. Kg7 Be4 64. Kf7 Bd3 65. Rf2 Kd4 66. Be6 Rb7+ 67.
Kf6 Rb6 68. g4 Ke3 69. Rg2 Kf3 70. Rg1 Rxb2 71. Rc1 Rb6 72. Ke5 Kg3 73. Rc3
Rxe6+ 74. Kxe6 Kxh3 75. Ke5 Kxg4 76. Rc1 h5 77. Rg1+ Kf3 78. Rh1 Ke3 79. Rh3+
Kd2 80. Kd4 Be2 81. Rg3 a4 82. Rh3 Bg4 83. Rh2+ Be2 84. Rh3 Bg4 85. Rh2+ Be2 86.
Rh3 1/2-1/2

[Event "Frauenbundesliga 2011-12"]
[Site "Germany GER"]
[Date "2011.12.18"]
[Round "5.2"]
[White "Hoolt,S"]
[Black "Vovk,Ok"]
[Result "1-0"]
[WhiteTitle "WIM"]
[BlackTitle "WIM"]
[WhiteElo "2286"]
[BlackElo "2212"]
[WhiteTeam "Hamburger SK 1830"]
[BlackTeam "SV Muelheim-Nord 1931"]
[WhiteFideId "24606812"]
[BlackFideId "1404695"]
[EventDate "2011.10.29"]
[EventType "team"]

1. e4 e6 2. d4 d5 3. Nc3 Nf6 4. e5 Nfd7 5. f4 c5 6. Nf3 Nc6 7. Be3 a6 8. Qd2 b5
9. a3 Qb6 10. Ne2 c4 11. g3 b4 12. Bh3 g6 13. g4 h5 14. gxh5 Rxh5 15. Bg4 Rh8
16. h4 b3 17. Ng5 bxc2 18. Qxc2 Ndxe5 19. fxe5 Nxe5 20. dxe5 Qxe3 21. Rf1 Rxh4
22. Bxe6 Bxe6 23. Nxe6 fxe6 24. Qa4+ Ke7 25. Qb4+ Ke8 26. Rxf8+ 1-0

[Event "Frauenbundesliga 2011-12"]
[Site "Germany GER"]
[Date "2011.12.18"]
[Round "5.3"]
[White "Rudolph,A"]
[Black "Fuchs,Ju"]
[Result "1/2-1/2"]
[WhiteTitle "WIM"]
[BlackTitle "WIM"]
[WhiteElo "2264"]
[BlackElo "2217"]
[WhiteTeam "SV Muelheim-Nord 1931"]
[BlackTeam "Hamburger SK 1830"]
[WhiteFideId "14102404"]
[BlackFideId "24605611"]
[EventDate "2011.10.29"]
[EventType "team"]

1. e4 c5 2. Nf3 d6 3. d4 cxd4 4. Nxd4 Nf6 5. Nc3 Nc6 6. f3 e6 7. Be3 Be7 8. Qd2
O-O 9. g4 a6 10. O-O-O Qc7 11. g5 Nd7 12. Kb1 b5 13. h4 Nde5 14. Nxc6 Qxc6 15.
Qg2 Bb7 16. h5 Rac8 17. f4 Nc4 18. Bxc4 Qxc4 19. Rhe1 Qc6 20. Rd4 a5 21. Qd2
Rfd8 22. Bg1 b4 23. Nd1 e5 24. fxe5 dxe5 25. Rxd8+ Rxd8 26. Qc1 a4 27. Nf2 a3
28. Nd3 Qc7 29. Bh2 Bd6 30. g6 fxg6 31. hxg6 hxg6 32. Qg5 Rc8 33. Qd2 axb2 34.
Nxb2 Qc3 35. Qxc3 bxc3 36. Nd3 Ba6 37. Bxe5 Ba3 38. Nc1 Bb7 39. Re3 Re8 40. Bxc3
Bxe4 41. Bd4 Bd6 42. Nb3 Bf4 43. Re2 g5 1/2-1/2

[Event "Frauenbundesliga 2011-12"]
[Site "Germany GER"]
[Date "2011.12.18"]
[Round "5.4"]
[White "Hegeler,A"]
[Black "Zhang,F"]
[Result "1-0"]
[WhiteTitle "WIM"]
[WhiteElo "2178"]
[BlackElo "2097"]
[WhiteTeam "Hamburger SK 1830"]
[BlackTeam "SV Muelheim-Nord 1931"]
[WhiteFideId "4605730"]
[BlackFideId "24609730"]
[EventDate "2011.10.29"]
[EventType "team"]

1. e4 e6 2. d4 d5 3. Nc3 Nf6 4. e5 Nfd7 5. f4 c5 6. Nf3 Nc6 7. Be3 Rb8 8. Qd2
Qa5 9. dxc5 Bxc5 10. Nd4 Bxd4 11. Bxd4 b5 12. g3 Nxd4 13. Qxd4 b4 14. Ne2 Qc5
15. Qxc5 Nxc5 16. Nd4 Bd7 17. b3 Ne4 18. a3 a5 19. axb4 axb4 20. Ra7 Nc3 21. Bd3
Bc8 22. Nc6 Rb6 23. Re7+ Kf8 24. Rc7 Bb7 25. Na5 Ba6 26. Bxa6 Rxa6 27. Rc8+ Ke7
28. Rxh8 Rxa5 29. O-O Ra2 30. Rb8 Rxc2 31. Rxb4 h5 32. Rb7+ Kf8 33. Ra1 g5 34.
fxg5 Ne4 35. g6 Ng5 36. Ra8+ Kg7 37. gxf7 Nh3+ 38. Kf1 Rf2+ 39. Ke1 Rxf7 40.
Rxf7+ Kxf7 41. Rh8 Kg6 42. Rf8 Ng5 43. Rf6+ Kg7 44. Ke2 1-0

[Event "Frauenbundesliga 2011-12"]
[Site "Germany GER"]
[Date "2011.12.18"]
[Round "5.5"]
[White "Sokalska,V"]
[Black "Berglitz,R"]
[Result "1/2-1/2"]
[BlackTitle "WFM"]
[WhiteElo "2027"]
[BlackElo "2069"]
[WhiteTeam "SV Muelheim-Nord 1931"]
[BlackTeam "Hamburger SK 1830"]
[WhiteFideId "24646121"]
[BlackFideId "4608771"]
[EventDate "2011.10.29"]
[EventType "team"]

1. e4 d5 2. exd5 Qxd5 3. Nc3 Qa5 4. Nf3 c6 5. Bc4 Bf5 6. O-O Nd7 7. d4 Ngf6 8.
Bf4 e6 9. a3 Nd5 10. Bxd5 cxd5 11. Qe2 Be7 12. Rfe1 Nf6 13. h3 O-O 14. Ne5 Rac8
15. g4 Bg6 16. h4 Ne4 17. Nxg6 hxg6 18. Nxe4 dxe4 19. Qxe4 Bxh4 20. c3 Rc6 21.
Qd3 Qd8 22. Re2 g5 23. Be5 Qd5 24. Rae1 1/2-1/2

[Event "Frauenbundesliga 2011-12"]
[Site "Germany GER"]
[Date "2011.12.18"]
[Round "5.6"]
[White "Nestuley,Nadezda"]
[Black "Reiter,B"]
[Result "0-1"]
[WhiteElo "2046"]
[BlackElo "1836"]
[WhiteTeam "Hamburger SK 1830"]
[BlackTeam "SV Muelheim-Nord 1931"]
[WhiteFideId "4108396"]
[BlackFideId "4608534"]
[EventDate "2011.10.29"]
[EventType "team"]

1. Nf3 d5 2. d4 c6 3. c4 Nf6 4. Nc3 dxc4 5. a4 Bf5 6. e3 Na6 7. Bxc4 Nb4 8. Ne5
e6 9. O-O Bd6 10. Nd3 Nxd3 11. Bxd3 Bxh2+ 12. Kh1 Ng4 13. g3 Nxf2+ 14. Rxf2 Bxg3
15. Rg2 Qh4+ 16. Kg1 Bh3 17. Qf3 Bxg2 18. Qxg2 O-O-O 19. a5 Be1 20. a6 Qg3 21.
Qxg3 Bxg3 22. Ne4 Bc7 23. axb7+ Kxb7 24. Nc5+ Kb8 25. Na6+ Kb7 26. Nxc7 Kxc7 27.
Rxa7+ Kb6 28. Rxf7 Ra8 29. Bd2 e5 30. Rxg7 exd4 31. exd4 Ra1+ 32. Kf2 Rf8+ 33.
Ke3 Re8+ 34. Be4 Rh1 35. Kd3 Rh3+ 36. Be3 h5 37. d5+ c5 38. b4 Rxe3+ 39. Kxe3
cxb4 40. Rh7 b3 41. Rxh5 Kc5 42. Kd3 Kb4 43. d6 b2 44. Kd4 Rxe4+ 45. Kxe4 b1=Q+
46. Ke5 Qe1+ 47. Kf6 Qd1 48. Ke7 Qxh5 49. d7 Qe5+ 50. Kf7 Qd6 51. Ke8 Qe6+ 52.
Kd8 Kb5 53. Kc7 Qb6+ 54. Kc8 Qc6+ 55. Kd8 Kb6 56. Ke7 Qc7 57. Ke8 Qe5+ 58. Kf7
Kc7 0-1

[Event "Frauenbundesliga 2011-12"]
[Site "Germany GER"]
[Date "2011.12.18"]
[Round "5.1"]
[White "Pokorna,Reg"]
[Black "Kononenko,T"]
[Result "1/2-1/2"]
[WhiteTitle "WGM"]
[BlackTitle "IM"]
[WhiteElo "2359"]
[BlackElo "2375"]
[WhiteTeam "Rodewischer Schachmiezen"]
[BlackTeam "USV Volksbank Halle"]
[WhiteFideId "14902052"]
[BlackFideId "14102358"]
[EventDate "2011.10.29"]
[EventType "team"]

1. e4 e6 2. d4 d5 3. Nd2 c5 4. exd5 exd5 5. Bb5+ Bd7 6. Bxd7+ Nxd7 7. Ngf3 Ngf6
8. O-O Be7 9. dxc5 Nxc5 10. Re1 O-O 11. Nf1 a5 12. c3 Re8 13. Be3 a4 14. a3 Nb3
15. Rb1 Qd7 16. Qc2 Na5 17. Bd4 Nc4 18. Ng3 g6 19. Rbd1 Ra6 20. Ne5 Qb5 21. Nxc4
dxc4 22. Re5 Qb3 23. Qe2 Bf8 24. Rxe8 Nxe8 1/2-1/2

[Event "Frauenbundesliga 2011-12"]
[Site "Germany GER"]
[Date "2011.12.18"]
[Round "5.2"]
[White "Madl,I"]
[Black "Kochetkova,J"]
[Result "1/2-1/2"]
[WhiteTitle "IM"]
[BlackTitle "WGM"]
[WhiteElo "2399"]
[BlackElo "2260"]
[WhiteTeam "USV Volksbank Halle"]
[BlackTeam "Rodewischer Schachmiezen"]
[WhiteFideId "700550"]
[BlackFideId "4139690"]
[EventDate "2011.10.29"]
[EventType "team"]

1. e4 c5 2. Nf3 e6 3. b3 b6 4. Bb2 Bb7 5. Nc3 Nf6 6. e5 Ne4 7. Nxe4 Bxe4 8. Bc4
Be7 9. Qe2 Bb7 10. d4 cxd4 11. Nxd4 Bb4+ 12. c3 Bc5 13. O-O O-O 14. Rad1 a6 15.
b4 Bxd4 16. Rxd4 Nc6 17. Rd6 Ne7 18. Bd3 b5 19. a4 bxa4 20. c4 Ng6 21. Be4 Qc7
22. Rfd1 Rfd8 23. Bxb7 Qxb7 24. Qd2 Qc7 25. Qd3 Qb7 26. Qd2 Qc7 27. Qd3 Qb7 1/2-1/2

[Event "Frauenbundesliga 2011-12"]
[Site "Germany GER"]
[Date "2011.12.18"]
[Round "5.3"]
[White "Korenova,M"]
[Black "Melamed,T"]
[Result "1/2-1/2"]
[WhiteTitle "WIM"]
[BlackTitle "WGM"]
[WhiteElo "2220"]
[BlackElo "2342"]
[WhiteTeam "Rodewischer Schachmiezen"]
[BlackTeam "USV Volksbank Halle"]
[WhiteFideId "302805"]
[BlackFideId "14102145"]
[EventDate "2011.10.29"]
[EventType "team"]

1. d4 Nf6 2. c4 c5 3. d5 b5 4. cxb5 a6 5. Nc3 g6 6. e4 d6 7. Nf3 Bg7 8. Bg5 O-O
9. Qd2 Qa5 10. bxa6 Bxa6 11. Bxa6 Qxa6 12. Qe2 Nbd7 13. Qxa6 Rxa6 14. Rb1 Rb8
15. Kd2 h6 16. Bh4 Ng4 17. h3 Bxc3+ 18. Kxc3 Ngf6 19. Nd2 Rxa2 20. f3 Ra4 21. b3
Nxd5+ 22. exd5 Rxh4 23. Nc4 Nf6 24. Rbd1 Rh5 25. Ne3 Re5 26. Rhe1 Rb4 27. Rd3
Kf8 28. Red1 h5 29. Nc2 Rb7 30. g4 Re2 31. R1d2 Rxd2 32. Kxd2 Ra7 33. g5 Ne8 34.
b4 cxb4 35. Nxb4 Ng7 36. Rc3 Nf5 37. Nc2 Ra4 38. Rc8+ Kg7 39. Re8 Rf4 40. Ke2
Ra4 41. Kd3 Rh4 42. Ne3 Rxh3 43. Ke4 Nxe3 44. Kxe3 Rh1 45. Kf2 Rd1 46. Rxe7 Rxd5
47. f4 Kf8 48. Re1 Rd3 49. f5 Rd5 50. fxg6 Rf5+ 51. Kg3 fxg6 52. Kh4 Rf4+ 53.
Kh3 Rg4 54. Re6 Rxg5 55. Rxd6 Kf7 56. Kh4 Rg4+ 57. Kh3 Re4 58. Kg3 Re6 59. Rd8
Kf6 60. Kf4 g5+ 61. Kf3 Ra6 62. Rf8+ Kg7 63. Rb8 Ra3+ 64. Ke4 Ra4+ 65. Kf5 Ra5+
66. Ke4 h4 67. Rb6 h3 68. Kf3 Ra4 69. Kg3 g4 70. Rc6 Kf7 71. Rb6 Re4 72. Ra6 Re6
73. Ra7+ Re7 74. Ra6 Re1 75. Ra4 1/2-1/2

[Event "Frauenbundesliga 2011-12"]
[Site "Germany GER"]
[Date "2011.12.18"]
[Round "5.4"]
[White "Sharevich,A"]
[Black "Winkelmann,E"]
[Result "1-0"]
[WhiteTitle "WGM"]
[WhiteElo "2257"]
[BlackElo "2104"]
[WhiteTeam "USV Volksbank Halle"]
[BlackTeam "Rodewischer Schachmiezen"]
[WhiteFideId "13503189"]
[BlackFideId "24607630"]
[EventDate "2011.10.29"]
[EventType "team"]

1. d4 d5 2. c4 c6 3. Nf3 Nf6 4. Qc2 dxc4 5. Qxc4 Bf5 6. g3 e6 7. Bg2 Be7 8. O-O
Nbd7 9. e3 O-O 10. Nc3 Rc8 11. Rd1 b5 12. Qe2 b4 13. Na4 Ne4 14. Nd2 Ndf6 15.
Nc4 Bg6 16. f3 Nd6 17. Ne5 Qa5 18. Nc5 Nb5 19. Bd2 Bxc5 20. dxc5 Qc7 21. Nxg6
hxg6 22. Bxb4 Nd5 23. Be1 Qe7 24. a4 Nbc7 25. e4 Nf6 26. b4 Rfd8 27. Bf2 a6 28.
Rd6 Qe8 29. Rad1 Ra8 30. Bd4 Rdb8 31. Bc3 a5 32. bxa5 Na6 33. Qc4 e5 34. Bf1 Kh7
35. Bh3 Rb7 36. Bg2 Rc7 37. Bh3 Rb7 38. Kh1 Rc7 39. Rb1 Qe7 40. Rb6 Nxc5 41.
Rdxc6 Rxc6 42. Rxc6 Ncd7 43. Bb4 Qe8 44. Rc7 Rb8 45. a6 Nb6 46. Qxf7 Qxf7 47.
Rxf7 Nxa4 48. a7 Ra8 49. Be6 1-0

[Event "Frauenbundesliga 2011-12"]
[Site "Germany GER"]
[Date "2011.12.18"]
[Round "5.5"]
[White "Schulz,A1"]
[Black "Lakos,N"]
[Result "0-1"]
[BlackTitle "WGM"]
[WhiteElo "1819"]
[BlackElo "2278"]
[WhiteTeam "SV Chemie Guben"]
[BlackTeam "USV Volksbank Halle"]
[WhiteFideId "4676122"]
[BlackFideId "705128"]
[EventDate "2011.10.29"]
[EventType "team"]

1. e4 c5 2. Nf3 e6 3. d4 cxd4 4. Nxd4 Nf6 5. Nc3 d6 6. Be3 Nc6 7. Be2 a6 8. g4
d5 9. exd5 Nxd5 10. Nxc6 bxc6 11. Bf3 Bb4 12. Qd4 O-O 13. O-O Rb8 14. Rfd1 Be7
15. Nxd5 cxd5 16. Qc3 Bb4 17. Qe5 Bd6 18. Qc3 Qh4 19. Kf1 Bd7 20. a4 Rfc8 21.
Qd3 Rxb2 22. Rdc1 a5 23. Ke2 Rc4 24. h3 Qf6 25. Bd2 Bb4 26. Bxb4 Rbxb4 27. Rcb1
Rc3 28. Rxb4 axb4 29. Qa6 Rxc2+ 30. Kd1 Rc8 0-1

[Event "Frauenbundesliga 2011-12"]
[Site "Germany GER"]
[Date "2011.12.18"]
[Round "5.2"]
[White "Haecker,S"]
[Black "Zakurdjaeva,I"]
[Result "0-1"]
[BlackTitle "WGM"]
[WhiteElo "2070"]
[BlackElo "2263"]
[WhiteTeam "SV Stuttgart Wolfbusch"]
[BlackTeam "Bad Koenigshofen"]
[WhiteFideId "4680928"]
[BlackFideId "4135504"]
[EventDate "2011.10.29"]
[EventType "team"]

1. e4 e5 2. Nf3 Nc6 3. Bb5 a6 4. Ba4 Nf6 5. O-O Be7 6. Re1 b5 7. Bb3 d6 8. c3
O-O 9. d3 Na5 10. Bc2 c5 11. Nbd2 Bg4 12. Nf1 c4 13. h3 cxd3 14. Qxd3 Be6 15.
Ne3 g6 16. b3 Nb7 17. Ba3 Qc7 18. c4 bxc4 19. bxc4 Rfc8 20. Bb3 Qa5 21. Nc2 Nc5
22. Bxc5 Qxc5 23. Ne3 a5 24. Nd5 Bxd5 25. cxd5 a4 26. Bd1 Bd8 27. Be2 Bb6 28.
Rf1 Nh5 29. Kh2 Nf4 30. Qb5 Qc7 31. Bd1 Ra5 32. Qb2 Ba7 33. g3 Nd3 34. Qd2 Qc3
35. Qxc3 Rxc3 36. Kg2 Rb5 37. Ne1 Nxe1+ 38. Rxe1 Rb2 39. Re2 Rxe2 40. Bxe2 Rc2
41. Kf1 Bd4 42. Rb1 Rxa2 43. Rb8+ Kg7 44. Ra8 a3 45. f4 h5 46. fxe5 Bxe5 47. g4
hxg4 48. hxg4 Kf6 49. Bc4 Ra1+ 50. Kf2 Kg5 51. Kf3 Rc1 52. Be2 Rc3+ 53. Kf2 Bd4+
54. Ke1 Kf4 55. Rf8 a2 56. Ra8 Rc1+ 0-1

[Event "Frauenbundesliga 2011-12"]
[Site "Germany GER"]
[Date "2011.12.18"]
[Round "5.3"]
[White "Schoene,Mar"]
[Black "Stitterich,N"]
[Result "1-0"]
[WhiteTitle "WIM"]
[WhiteElo "2186"]
[BlackElo "2008"]
[WhiteTeam "Bad Koenigshofen"]
[BlackTeam "SV Stuttgart Wolfbusch"]
[WhiteFideId "4681410"]
[BlackFideId "24676527"]
[EventDate "2011.10.29"]
[EventType "team"]

1. e4 c5 2. Nf3 e6 3. d4 cxd4 4. Nxd4 a6 5. Nc3 Qc7 6. Bd3 Nf6 7. f4 Bc5 8. Nb3
Ba7 9. e5 Nd5 10. Ne4 O-O 11. Qg4 f5 12. exf6 Nxf6 13. Nxf6+ Rxf6 14. Bd2 Nc6
15. Qh5 g6 16. Qg5 Rf7 17. h4 Qd8 18. Qg3 d5 19. O-O-O Qf6 20. h5 Ne7 21. hxg6
hxg6 22. Rh6 Kf8 23. Bxg6 Nxg6 24. Rxg6 Qf5 25. Rh1 Ke7 26. Rg7 b5 27. Bb4+ Kd7
28. Rxf7+ Qxf7 29. f5 Bb8 30. fxe6+ Kxe6 31. Qg4+ 1-0

[Event "Frauenbundesliga 2011-12"]
[Site "Germany GER"]
[Date "2011.12.18"]
[Round "5.4"]
[White "Erben,L"]
[Black "Gromova,I"]
[Result "1-0"]
[BlackTitle "WIM"]
[WhiteElo "2035"]
[BlackElo "2231"]
[WhiteTeam "SV Stuttgart Wolfbusch"]
[BlackTeam "Bad Koenigshofen"]
[WhiteFideId "24634590"]
[BlackFideId "4152832"]
[EventDate "2011.10.29"]
[EventType "team"]

1. e4 c6 2. d4 d5 3. Nc3 dxe4 4. Nxe4 Bf5 5. Ng3 Bg6 6. h4 h6 7. h5 Bh7 8. Nf3
Nf6 9. Bd3 Bxd3 10. Qxd3 e6 11. Bd2 Nd5 12. Ne5 Nd7 13. O-O-O N7f6 14. a3 Bd6
15. Ne4 Nxe4 16. Qxe4 Qc7 17. f4 O-O-O 18. g4 c5 19. dxc5 Bxc5 20. c4 Nf6 21.
Qe2 Bd4 22. Bb4 a5 23. Bxa5 Qxa5 24. Nxf7 Qb6 25. Nxh8 Rxh8 26. Rhe1 Re8 27. g5
hxg5 28. fxg5 Nd7 29. b4 Qd6 30. Qe4 Qg3 31. Qxd4 Qxg5+ 32. Qd2 Qe7 33. Qd6 Qf7
34. Rf1 Nf6 35. Qc5+ Kb8 36. Qe5+ Kc8 37. Qc5+ Kb8 38. Qe5+ Kc8 39. h6 Qh5 40.
Qf4 Qe2 41. Rd2 Qh5 42. hxg7 Nh7 43. Qf7 1-0

[Event "Frauenbundesliga 2011-12"]
[Site "Germany GER"]
[Date "2011.12.18"]
[Round "5.5"]
[White "Mikliaeva,D"]
[Black "Weng,A"]
[Result "0-1"]
[BlackTitle "WFM"]
[WhiteElo "2138"]
[BlackElo "2141"]
[WhiteTeam "Bad Koenigshofen"]
[BlackTeam "SV Stuttgart Wolfbusch"]
[WhiteFideId "4132343"]
[BlackFideId "4623991"]
[EventDate "2011.10.29"]
[EventType "team"]

1. e4 Nc6 2. d4 d5 3. e5 Bf5 4. Nf3 f6 5. Bb5 Qd7 6. O-O e6 7. Re1 Nge7 8. Nbd2
a6 9. Bxc6 Nxc6 10. exf6 gxf6 11. Nh4 Bg6 12. Nxg6 hxg6 13. Qg4 Kf7 14. Nf3 Bd6
15. Bf4 g5 16. Bxd6 Qxd6 17. Re2 Rae8 18. Rae1 b5 19. c3 Nd8 20. g3 Reg8 21. b3
c6 22. Nd2 f5 23. Qf3 Rg6 24. c4 dxc4 25. bxc4 Qxd4 26. Ne4 Kg7 27. Rd2 fxe4 28.
Qd1 Qf6 29. Rd7+ Nf7 30. Rxe4 Rgh6 31. h4 Kg6 32. Qe2 Re8 33. hxg5 Nxg5 34. Rg4
Reh8 35. Qe3 Qf5 36. f4 Rh1+ 37. Kg2 R8h2# 0-1

[Event "Frauenbundesliga 2011-12"]
[Site "Germany GER"]
[Date "2011.12.18"]
[Round "5.6"]
[White "Rieder,A"]
[Black "Nuber,H"]
[Result "1/2-1/2"]
[WhiteElo "2070"]
[BlackElo "2060"]
[WhiteTeam "SV Stuttgart Wolfbusch"]
[BlackTeam "Bad Koenigshofen"]
[WhiteFideId "4617096"]
[BlackFideId "24613045"]
[EventDate "2011.10.29"]
[EventType "team"]

1. Nf3 e6 2. g3 Nf6 3. Bg2 d5 4. c4 Be7 5. O-O O-O 6. b3 b6 7. Ba3 Bb7 8. Qc1 c5
9. cxd5 Nxd5 10. Bb2 Nc6 11. Nc3 1/2-1/2